00651nam a2200193 i 450000100060000000300090000600500170001500700030003200800410003510000220007624500530009826000630015130000300021449000230024483000310026785200210029899900170031995201210033644943ES-MaACL20230906161126.0t|030324s1922 fr ||||1| fre d1 aCluzet, J.93932110aPrécis de physique medicale / cpar J. Cluzet. aParís : bGaston Doin, c1922 (eDijon : fDarantiére) a792 p. : bil. ; c19 cm.1 aColección testut0 aColección testut9182041 aES-MaACLjF-2615 c44943d44943 00104070aATENEOMbATENEOMcDEPO2d2008-01-17eSCl0oF-2615p1047300r2023-02-23 00:00:00w2023-02-23yMONOGRAFIA